000 01868nam a2200313 c 4500
003 BLK
005 20240405005355.0
008 180411b bul|||||r ||||||| ||bul||
010 _aKNG00193900000
040 _aBLK
041 _aBUL
_cBUL
080 _aСпортни рекорди. Високи достижения. Национални рекорди. Световни рекорди и др.
_b796.092
_x(497.2)
_z796.092(497.2)
100 _aЖивков, Тодор Христов
_d1911 - 1998
_gБългарски политик, БКП. Първи секретар и генерален секретар на ЦК на БКП, председател на Министерския съвет и председател на Държавния съвет на НРБ
_9365041
139 _aЖивков, Тодор Христов
_bЖ 48
245 1 0 _aЗа нашето велико дело са нужни идейно и физически закалени хора
_bПриветствено слово, произнесено на 14 юли 1974 г. пред участниците в тържествения спектакъл на IV републ. фестивал на худож. самодейност и IV републ. спартакиада, посветена на 30-год. от социалист. революция в България
_cТодор Христов Живков.
257 _aBGR
260 София
_bНар. младеж
_c1974
300 _a16 с.
_c17 см
380 _a79
500 _a18 125 тир.
653 _aфестивали
653 _aхудожествена самодейност
852 _aЦб І 13900
856 4 _qpdf
_u
856 4 _qpdf
_u
942 _cKNG
_n0
944 _aCR
_c19.10.2016
_k
_lCRON CRON
944 _aED
_c19.10.2016
_kНаталия_Любомирова
999 _c184923
_d184923